Les Mangoustes - Statistiques

Statistiques générales
  • Ce quiz a été pris 8 fois
  • Le résultat moyen est 16 sur 34
Statistiques - réponses
Par images Réponse % Correct
Suricate
100%
Mangouste à collier
67%
Mangouste brune
67%
Mangouste grise
67%
Mangouste noire
67%
Mangouste rayée
67%
Mangouste à long museau
50%
Mangouste à queue blanche
50%
Mangouste à queue courte
50%
Mangouste à queue touffue
50%
Mangouste à tête plate
50%
Mangouste d'Abyssinie
50%
Mangouste de Jackson
50%
Mangouste de Java
50%
Mangouste de Meller
50%
Mangouste de Selous
50%
Mangouste des Marais
50%
Mangouste des savanes
50%
Mangouste indienne brune
50%
Mangouste indienne grise
50%
Mangouste jaune
50%
Mangouste naine du Sud
50%
Mangouste naine orientale
50%
Mangouste svelte
50%
Mangouste à cou rayé
33%
Mangouste à pattes noires
33%
Mangouste de Gambie
33%
Mangouste du Liberia
33%
Mangouste flavescente
33%
Mangouste ichneumon
33%
Mangouste mangeuse de crabes
33%
Mangouste d'Alexandre
17%
Mangouste d'Angola
17%
Mangouste roussâtre
17%
Aucun quiz correspondant
Distribution des résultats
% des personnes avec chaque résultat
Percentile par nombre de réponses
Votre historique - résultats
Vous n’avez pas pris ce quiz